000 01706cam a2200157 4500500
005 20260329064855.0
041 _afre
042 _adc
100 1 0 _aFauvelle, François-Xavier
_eauthor
700 1 0 _aSurun, Isabelle
_eauthor
700 1 0 _aBalavoine, Guillaume
_eauthor
245 0 0 _aAtlas historique de l'Afrique : De la Préhistoire à nos jours
260 _bAutrement,
_c2024.
520 _aL’Afrique est un continent immense et les sociétés qui l’habitent ont connu des trajectoires historiques multiples au cours des millénaires, sans cesser d’interagir entre elles et avec les mondes extérieurs. Cinq grandes périodes scandent cette histoire : • L’Afrique ancienne (depuis la préhistoire jusqu’au XVe siècle), à la fois berceau et creuset de diversité linguistique, technique, politique. • L’Afrique moderne (du XVe au XVIIIe siècle), ses grands royaumes et le début de la présence européenne. • L’Afrique souveraine (XIXe siècle), après l’abolition de la traite atlantique et les reconversions économiques africaines. • L’Afrique sous domination coloniale, entre « partage » du continent, résistances anticoloniales et décolonisations. • L’Afrique des indépendances, qui relève de nombreux défis politiques, économiques et sociaux. Cet atlas regroupe plus de 100 cartes et rend disponibles les connaissances sans cesse renouvelées de l’histoire de l’Afrique. Il montre combien ce continent, loin d’être replié sur lui-même, a toujours été à la fois dynamique et connecté à l’histoire globale.
856 4 1 _uhttps://shs.cairn.info/atlas-historique-de-lafrique--9782080457615?lang=fr&redirect-ssocas=7080
999 _c2017739
_d2017739